Tous les pays de l'Afrique Ouest - Statistiques

Statistiques générales
  • Ce quiz a été pris 83 fois
  • Le résultat moyen est 14 sur 16
Statistiques - réponses
Hint Réponse % Correct
14 Sénégal
96%
9 Mali
89%
11 Niger
89%
7 Guinee
87%
16 Togo
87%
1 Benin
86%
4 Cote d'Ivoire
86%
12 Nigeria
86%
2 Burkina
84%
6 Ghana
84%
13 Liberia
84%
10 Mauritanie
84%
8 Guinee bissau
83%
15 Sierra leone
80%
3 Cap vert
79%
5 Gambie
79%
Aucun quiz correspondant
Distribution des résultats
% des personnes avec chaque résultat
Percentile par nombre de réponses
Votre historique - résultats
Vous n’avez pas pris ce quiz